World trade organisation.V.1 (Record no. 41929)

MARC details
000 -LEADER
fixed length control field 00357nam a2200133Ia 4500
020 ## - INTERNATIONAL STANDARD BOOK NUMBER
ISBN 8171568882
082 ## - DEWEY DECIMAL CLASSIFICATION NUMBER
Classification number 339.52
Item number GUP.1
100 ## - MAIN ENTRY--AUTHOR NAME
Personal name Gupta, K R
245 #0 - TITLE STATEMENT
Title World trade organisation.V.1
260 ## - PUBLICATION, DISTRIBUTION, ETC. (IMPRINT)
Place of publication New Delhi
Name of publisher Atlantic Publishers and Distributers
Year of publication 2000
650 ## - SUBJECT ADDED ENTRY--TOPICAL TERM
Topical Term GATT agreement
942 ## - ADDED ENTRY ELEMENTS (KOHA)
Koha item type Books
Holdings
Withdrawn status Lost status Damaged status Not for loan Home library Current library Date acquired Full call number Accession Number Koha item type
        RRII Library RRII Library 16/12/2021 339.52 GUP.1 22210 Books